000 00540nam a2200193Ia 4500
005 20250508160806.0
008 008 250505s9999 xx 000 0 hin d
037 _aTextual
040 _aFEDL
_beng
_cFEDL
041 _ahin
_2hin
084 _a510.7, BAD
_qFEDL
100 _aBaderiya G S
_9769378
245 0 _aSaddharan ganit shikshan. Part 2
260 _aNew Delhi, India
_bArya Book Depot
_c1972
300 _aiii,252p.
700 _a Mangal S K
_9769379
942 _cTEXL
_h510.7, BAD
999 _c1366651
_d1366651